| 000 | 00452nam a22001697a 4500 | ||
|---|---|---|---|
| 005 | 20160518112807.0 | ||
| 008 | 160518b xxu||||| |||| 00| 0 eng d | ||
| 020 | _a81-297-0471-4 | ||
| 041 | _aeng | ||
| 082 | _b2841 | ||
| 100 |
_aChaturvedi P.D. & Chaturvedi Mukesh _9746 |
||
| 245 | _aBusiness Communication concept Cases and application | ||
| 260 |
_aDelhi _bPearson Education, _c2004 |
||
| 300 | _a500 | ||
| 650 |
_aManagement _9241 |
||
| 942 | _cBK | ||
| 999 |
_c1004 _d1004 |
||